[Event "Israeli Open Championship 2019"]
[Site "Jerusalem"]
[Date "2019.12.19"]
[Round "7.10"]
[White "Dvoirys, Semen I."]
[Black "Shtemler, Lavi"]
[Result "1-0"]
[WhiteElo "2467"]
[BlackElo "2181"]
[Annotator "TA"]
[PlyCount "99"]
[EventDate "2019.12.12"]
[EventType "swiss"]
[EventCountry "ISR"]
[SourceTitle "playchess.com"]
[Source "ChessBase"]
[SourceQuality "1"]

{[%evp 14,99,26,0,0,0,0,0,0,0,45,35,36,36,77,64,73,61,62,75,77,74,69,65,75,61,75,95,87,61,95,67,85,77,93,109,93,83,104,102,147,141,147,147,143,135,144,142,133,141,192,102,143,140,134,119,131,131,205,206,198,172,369,368,343,325,473,285,282,275,266,251,418,345,385,318,960,515,547,515,503,338,541,514,661,536,610,544]} 1. e4 c5 2. Nf3 g6 3. c3 d5 4. exd5 Qxd5 5. d4 Bg7 6. Na3 cxd4 7. Nb5 Na6 {[#]} 8. Be3 $1 {[%cal Re3d4][%mdl 512]} Nf6 {B06: Modern Defence} (8... dxe3 9. Qxd5) 9. Bxd4 O-O 10. Be2 Bg4 {The position is equal.} 11. a4 {[#]} e5 $1 {[%mdl 512]} (11... Rad8 12. h3 e5 13. Be3 Qe6 14. Qc1 Bxf3 15. Bxf3 e4 16. Be2 {0-1 (37) Ivanchuk,V (2731)-Giri,A (2734) Beijing 2013}) 12. Bxa7 (12. Bxe5 Bxf3) 12... Qc6 13. O-O Rfd8 $146 ({Predecessor:} 13... Nd5 14. g3 h5 15. Re1 Rad8 16. Qb3 {1-0 (53) Fernandez Fornes,J (2301)-Leal,D (2323) ICCF email 2008}) 14. Qc1 Bxf3 15. Bxf3 e4 16. Be2 b6 17. a5 bxa5 18. Rxa5 {And now Nd4 would win.} Nc5 19. Nd4 Qc7 20. Rxc5 Qxa7 21. Rb5 $36 {[%mdl 2048] aiming for Nc6. White fights for an advantage.} Qa4 22. Qf4 Re8 23. Rb7 {Threatens to win with Bb5.} Qa2 24. h3 Qd5 25. Rb5 Qd7 26. Rd1 e3 27. fxe3 Nd5 {[#]} 28. Rxd5 $1 Qxd5 29. Bf3 {[%mdl 64] Skewer} Qa2 30. Bxa8 Qxa8 31. Qf3 Qa2 (31... Qa4 $16 32. Rf1 Qc4) 32. Qe2 ({White should try} 32. Qc6 $18 Rf8 33. b4) 32... Qd5 33. b4 {[%cal Bb2b4,Bb4b5,Bb5b6][%mdl 32]} Qg5 34. e4 Qf4 35. Qf3 Qxe4 (35... Qxf3 $16 36. gxf3 Rc8) 36. Qxe4 $18 Rxe4 $16 {[%mdl 4096] Endgame KRB-KRN} 37. Kf2 f5 $2 (37... Be5 {keeps fighting.} 38. g4 h5 39. gxh5 gxh5) 38. b5 $18 Re7 39. Rb1 Rc7 (39... g5 {might work better.} 40. Nxf5 Rf7) 40. Ne2 Kf7 41. Ke3 Ke6 42. Kd3 g5 $2 (42... Kd6 43. Nd4 Bxd4 44. Kxd4 Re7) 43. b6 Rb7 44. Nd4+ Ke5 $2 (44... Bxd4 45. Kxd4 (45. cxd4 Kd7 $18) 45... Kd6) 45. Rb5+ Kd6 46. Nxf5+ Kc6 47. Rb3 Bf6 $2 (47... Rd7+ 48. Ke4 Bh8 49. Nd4+ Bxd4) 48. Nd4+ {White is clearly winning.} Kc5 49. Rb5+ Kd6 50. c4 {Accuracy: White = 76%, Black = 39%.} 1-0

[Event "Israeli Open Championship 2019"]
[Site "Jerusalem"]
[Date "2019.12.19"]
[Round "7.11"]
[White "Sobel, Ido"]
[Black "Birnboim, Nathan"]
[Result "1-0"]
[WhiteElo "1711"]
[BlackElo "2393"]
[Annotator "NA RC"]
[PlyCount "91"]
[EventDate "2019.12.12"]
[EventType "swiss"]
[EventCountry "ISR"]
[SourceTitle "playchess.com"]
[Source "ChessBase"]
[SourceQuality "1"]
[TimeControl "5400+30"]

{[%evp 8,67,41,32767,32767,32767,32767,32767,32767,32767,37,32767,15,0,32767,0,22,32767,45,22,21,5,30,-2,0,32767,32767,5,0,-15,32767,32767,32767,32767,32767,0,0,0,10,10,9,32767,32767,0,6,0,16,32767,14,32767,0,0,0,-18,67,-13,87,104,121,0,0,-1]} 1. e4 {[%emt 0:00:00]} c6 {[%emt 0:06:45]} 2. d4 {[%emt 0:00:00]} d5 {[%emt 0:00:08]} 3. Nc3 {[%emt 0:00:00]} dxe4 {[%emt 0:01:19]} 4. Nxe4 {[%emt 0:00:00]} Nf6 {[%emt 0:02:10]} 5. Nxf6+ {[%emt 0:00:00]} exf6 {[%emt 0:00:07]} 6. Nf3 {[%emt 0:00:27]} Bd6 {[%emt 0:00:22]} 7. Bd3 {[%emt 0:00:08]} O-O {[%emt 0:00:10]} 8. O-O {[%emt 0:00:02]} Nd7 {[%emt 0:04:22]} 9. c3 {[%emt 0:00:20]} Re8 {[%emt 0:01:12] B15: Caro-Kann: 3 Nc3: 3...g6 and 3...dxe4 4 Nxe4 Nf6 5 Nxf6+ exf6} 10. Qc2 {[%emt 0:00:02]} Nf8 {[%emt 0:01:13]} 11. Be3 {[%emt 0:06:31]} (11. Bf5 Qa5 12. Bxc8 Raxc8 13. Bd2 Ne6 14. Rfe1 Qh5 15. h3 g5 16. Qb3 b6 {½-½ (30) Tomczak,J (2631)-Dragun,K (2591) Warsaw 2019}) 11... Bg4 {[%emt 0:05:35]} 12. Nd2 {[%emt 0:00:31]} Bc7 {[%emt 0:04:55]} 13. Rfe1 {[%emt 0:01:36]} Qd6 {[%emt 0:02:52]} 14. Nf1 $146 {[%emt 0:00:15]} ({Predecessor:} 14. g3 Qd7 15. Ne4 f5 16. Nc5 Qc8 {0-1 (28) Sokolovsky,Y (1880)-Hansen,T (2429) Escaldes 2017}) 14... Rad8 {[%emt 0:03:49]} 15. f3 {[%emt 0:06:45]} Bc8 {[%emt 0:07:24]} 16. Bf2 {[%emt 0:01:14]} g6 {[%emt 0:02:38]} 17. Rxe8 {[%emt 0:09:46]} Rxe8 {[%emt 0:00:05]} 18. Re1 {[%emt 0:00:07]} Rxe1 {[%emt 0:00:26]} 19. Bxe1 {[%emt 0:00:01]} Qe6 {[%emt 0:09:43]} 20. Qb1 {[%emt 0:00:10]} Qe7 {[%emt 0:05:51]} 21. Qc1 {[%emt 0:06:21]} Ne6 {[%emt 0:04:42]} 22. Bg3 {[%emt 0:01:50]} Bxg3 {[%emt 0:02:31]} 23. Nxg3 {[%emt 0:00:03]} f5 {[%emt 0:01:58]} 24. Ne2 {[%emt 0:17:41]} Qd6 {[%emt 0:08:53]} 25. Bc4 {[%emt 0:05:09]} b5 {[%emt 0:10:21]} 26. Bb3 {[%emt 0:07:28]} Kg7 {[%emt 0:02:29]} 27. Qd2 {[%emt 0:12:59]} h5 {[%emt 0:05:36]} 28. Bxe6 {[%emt 0:06:20]} Bxe6 {[%emt 0:01:14]} 29. b3 {[%emt 0:00:12]} a5 {[%emt 0:00:36]} 30. Nf4 {[%emt 0:13:56]} c5 {[%emt 0:02:20]} (30... a4 $11) 31. Ne2 {[%emt 0:04:22]} (31. d5 $14) 31... b4 {[%emt 0:00:30]} (31... c4 $15 32. b4 axb4 33. cxb4 f6) 32. c4 {[%emt 0:00:24]} Bd7 {[%emt 0:00:20]} 33. Qe3 $11 {[%emt 0:00:50]} (33. d5 $16) 33... f4 {[%emt 0:00:46]} 34. Qd2 {[%emt 0:00:55]} Bf5 {[%emt 0:00:06]} 35. Kf2 {[%emt 0:00:28]} g5 {[%emt 0:00:14]} 36. Ke1 {[%emt 0:01:07]} Bg6 {[%emt 0:00:37]} 37. dxc5 {[%emt 0:00:00]} Qxc5 {[%emt 0:00:10]} 38. Qd4+ {[%emt 0:00:00]} Qxd4 {[%emt 0:00:08]} 39. Nxd4 {[%emt 0:00:01]} Bb1 {[%emt 0:00:11]} 40. Nc6 {[%emt 0:00:42]} Bxa2 {[%emt 0:00:02]} 41. Nxa5 {[%emt 0:00:12]} Kf6 {[%emt 0:00:05]} 42. Kd2 {[%emt 0:00:16]} Bb1 {[%emt 0:01:58]} 43. Nc6 {[%emt 0:00:01]} g4 {[%emt 0:00:18]} 44. Nxb4 {[%emt 0:00:27]} g3 {[%emt 0:00:22]} 45. h4 {[%emt 0:00:14]} Bf5 {[%emt 0:00:07]} 46. Nd3 {[%emt 0:00:23]} 1-0

[Event "Israeli Open Championship 2019"]
[Site "Jerusalem"]
[Date "2019.12.19"]
[Round "7.12"]
[White "Zak, Arad"]
[Black "Friedland, Moshe"]
[Result "0-1"]
[WhiteElo "2076"]
[BlackElo "2267"]
[Annotator "ChessBase"]
[PlyCount "98"]
[EventDate "2019.12.12"]
[EventType "swiss"]
[EventCountry "ISR"]
[SourceTitle "playchess.com"]
[Source "ChessBase"]
[SourceQuality "1"]
[TimeControl "5400+30"]

1. c4 {[%emt 0:06:36]} e5 {[%emt 0:00:00]} 2. Nc3 {[%emt 0:00:11]} d6 {[%emt 0:00:00]} 3. g3 {[%emt 0:00:49]} f5 {[%emt 0:00:00]} 4. d4 {[%emt 0:00:25]} Be7 {[%emt 0:00:08]} 5. Bh3 {[%emt 0:01:08]} Nf6 {[%emt 0:11:37]} 6. Nf3 {[%emt 0:00:32]} e4 {[%emt 0:03:12]} 7. Nh4 {[%emt 0:00:17]} g6 {[%emt 0:01:03]} 8. Bh6 {[%emt 0:00:22]} Kf7 {[%emt 0:03:01]} 9. Be3 {[%emt 0:43:04]} c6 {[%emt 0:19:12]} 10. f3 {[%emt 0:01:26]} Kg7 {[%emt 0:04:44]} 11. d5 {[%emt 0:04:18]} c5 {[%emt 0:08:05]} 12. O-O {[%emt 0:05:58]} Re8 {[%emt 0:00:33]} 13. Qd2 {[%emt 0:04:21]} f4 {[%emt 0:01:59]} 14. Bxc8 {[%emt 0:08:48]} fxe3 {[%emt 0:00:06]} 15. Qxe3 {[%emt 0:00:43]} Qxc8 {[%emt 0:00:22]} 16. fxe4 {[%emt 0:00:14]} Ng4 {[%emt 0:03:08]} 17. Qd2 {[%emt 0:03:38]} Bxh4 {[%emt 0:00:28]} 18. gxh4 {[%emt 0:00:23]} Ne5 {[%emt 0:02:21]} 19. Qf4 {[%emt 0:00:31]} Qd8 {[%emt 0:03:48]} 20. h5 {[%emt 0:00:26]} Nbd7 {[%emt 0:01:13]} 21. Nb5 {[%emt 0:01:23]} Rf8 {[%emt 0:01:06]} 22. Qg3 {[%emt 0:00:36]} Nf6 {[%emt 0:01:49]} 23. Qg5 {[%emt 0:02:19]} Nxh5 {[%emt 0:03:30]} 24. Qxd8 {[%emt 0:00:27]} Rxf1+ {[%emt 0:00:50]} 25. Rxf1 {[%emt 0:00:11]} Rxd8 {[%emt 0:00:04]} 26. Nc7 {[%emt 0:00:11]} Kg8 {[%emt 0:01:10]} 27. Ne6 {[%emt 0:02:18]} Rc8 {[%emt 0:00:16]} 28. b3 {[%emt 0:01:47]} Ng7 {[%emt 0:00:13]} 29. Ng5 {[%emt 0:00:23]} h6 {[%emt 0:00:21]} 30. Nh3 {[%emt 0:00:15]} Rf8 {[%emt 0:00:11]} 31. Rb1 {[%emt 0:01:23]} b6 {[%emt 0:00:47]} 32. a4 {[%emt 0:00:40]} Nh5 {[%emt 0:01:06]} 33. a5 {[%emt 0:00:18]} Nf4 {[%emt 0:00:10]} 34. Nxf4 {[%emt 0:01:22]} Rxf4 {[%emt 0:00:02]} 35. axb6 {[%emt 0:00:25]} axb6 {[%emt 0:00:02]} 36. Ra1 {[%emt 0:00:08]} Rxe4 {[%emt 0:00:38]} 37. Ra7 {[%emt 0:00:22]} Re3 {[%emt 0:00:29]} 38. Ra3 {[%emt 0:00:12]} Rxe2 {[%emt 0:00:29]} 39. Ra6 {[%emt 0:00:42]} Nd7 {[%emt 0:00:16]} 40. Ra7 {[%emt 0:00:12]} Re7 {[%emt 0:00:10]} 41. Rc7 {[%emt 0:00:09]} Rf7 {[%emt 0:04:11]} 42. Rc6 {[%emt 0:00:24]} Rf6 {[%emt 0:00:04]} 43. Rc7 {[%emt 0:00:25]} Ne5 {[%emt 0:00:05]} 44. Rb7 {[%emt 0:00:09]} g5 {[%emt 0:00:53]} 45. Rxb6 {[%emt 0:00:10]} Kg7 {[%emt 0:00:10]} 46. Rb7+ {[%emt 0:00:56]} Kg6 {[%emt 0:00:59]} 47. b4 {[%emt 0:00:10]} cxb4 {[%emt 0:00:36]} 48. Rxb4 {[%emt 0:00:10]} Rf4 {[%emt 0:00:04]} 49. Rb6 {[%emt 0:00:33]} Nxc4 {[%emt 0:00:05]} 0-1

[Event "Israeli Open Championship 2019"]
[Site "Jerusalem"]
[Date "2019.12.19"]
[Round "7.13"]
[White "Bulkovstein, David"]
[Black "Zalkind, Konstantin"]
[Result "1/2-1/2"]
[WhiteElo "1889"]
[BlackElo "2162"]
[Annotator "ChessBase"]
[PlyCount "83"]
[EventDate "2019.12.12"]
[EventType "swiss"]
[EventCountry "ISR"]
[SourceTitle "playchess.com"]
[Source "ChessBase"]
[SourceQuality "1"]
[TimeControl "5400+30"]

1. e4 {[%emt 0:00:00]} c5 {[%emt 0:00:02]} 2. Nf3 {[%emt 0:00:00]} Nc6 {[%emt 0:00:21]} 3. d4 {[%emt 0:00:00]} cxd4 {[%emt 0:00:05]} 4. Nxd4 {[%emt 0:00:00]} g6 {[%emt 0:00:09]} 5. c4 {[%emt 0:00:31]} Bg7 {[%emt 0:00:16]} 6. Be3 {[%emt 0:00:12]} Nf6 {[%emt 0:00:20]} 7. Nc3 {[%emt 0:00:08]} O-O {[%emt 0:02:01]} 8. Be2 {[%emt 0:00:33]} d6 {[%emt 0:00:19]} 9. O-O {[%emt 0:00:11]} Nxd4 {[%emt 0:00:22]} 10. Bxd4 {[%emt 0:00:08]} Be6 {[%emt 0:00:08]} 11. f4 {[%emt 0:08:25]} Rc8 {[%emt 0:03:15]} 12. b3 {[%emt 0:02:06]} Qa5 {[%emt 0:00:41]} 13. Qd3 {[%emt 0:05:37]} Nd7 {[%emt 0:01:01]} 14. Bxg7 {[%emt 0:04:36]} Kxg7 {[%emt 0:00:20]} 15. f5 {[%emt 0:10:04]} Ne5 {[%emt 0:00:45]} 16. Qg3 {[%emt 0:07:02]} Bd7 {[%emt 0:01:21]} 17. Nd5 {[%emt 0:00:23]} Qd2 {[%emt 0:03:17]} 18. Rf2 {[%emt 0:05:13]} f6 {[%emt 0:10:39]} 19. Rd1 {[%emt 0:06:03]} Qg5 {[%emt 0:00:47]} 20. Nxe7 {[%emt 0:06:42]} Rce8 {[%emt 0:00:30]} 21. Nd5 {[%emt 0:00:12]} Qxg3 {[%emt 0:01:18]} 22. hxg3 {[%emt 0:00:02]} Nc6 {[%emt 0:02:25]} 23. Bd3 {[%emt 0:02:48]} gxf5 {[%emt 0:00:44]} 24. exf5 {[%emt 0:00:21]} Re5 {[%emt 0:00:21]} 25. Rf4 {[%emt 0:07:45]} Nd8 {[%emt 0:01:25]} 26. Kf2 {[%emt 0:03:42]} Nf7 {[%emt 0:00:20]} 27. g4 {[%emt 0:02:49]} Ng5 {[%emt 0:00:38]} 28. Bc2 {[%emt 0:03:13]} Rfe8 {[%emt 0:03:32]} 29. Nc3 {[%emt 0:01:17]} Nf7 {[%emt 0:01:12]} 30. Be4 {[%emt 0:05:49]} Bc6 {[%emt 0:00:42]} 31. Bf3 {[%emt 0:00:31]} Re3 {[%emt 0:02:14]} 32. Nd5 {[%emt 0:02:45]} Bxd5 {[%emt 0:00:51]} 33. Rxd5 {[%emt 0:00:31]} b6 {[%emt 0:01:24]} 34. Rfd4 {[%emt 0:01:34]} Re1 {[%emt 0:02:13]} 35. Rd2 {[%emt 0:00:33]} Kh6 {[%emt 0:01:04]} 36. Kg3 {[%emt 0:01:21]} Kg7 {[%emt 0:02:21]} 37. R5d3 {[%emt 0:01:05]} Kf8 {[%emt 0:00:25]} 38. Kf2 {[%emt 0:03:14]} R8e5 {[%emt 0:01:20]} 39. Bd5 {[%emt 0:00:40]} Ng5 {[%emt 0:00:26]} 40. Bf3 {[%emt 0:00:33]} Nf7 {[%emt 0:00:20]} 41. Bd5 {[%emt 0:01:15]} Ng5 {[%emt 0:00:03]} 42. Bf3 {[%emt 0:00:29]} 1/2-1/2

[Event "Israeli Open Championship 2019"]
[Site "Jerusalem"]
[Date "2019.12.19"]
[Round "7.14"]
[White "Slonimskij, Arkadij"]
[Black "Levitan, Ronit"]
[Result "1/2-1/2"]
[WhiteElo "2133"]
[BlackElo "1876"]
[Annotator "ChessBase"]
[PlyCount "64"]
[EventDate "2019.12.12"]
[EventType "swiss"]
[EventCountry "ISR"]
[SourceTitle "playchess.com"]
[Source "ChessBase"]
[SourceQuality "1"]
[TimeControl "5400+30"]

1. d4 {[%emt 0:21:31]} d5 {[%emt 0:00:00]} 2. c4 {[%emt 0:00:08]} e6 {[%emt 0:00:02]} 3. cxd5 {[%emt 0:00:10]} exd5 {[%emt 0:00:08]} 4. Nc3 {[%emt 0:00:00]} Nf6 {[%emt 0:00:00]} 5. Bg5 {[%emt 0:00:00]} Be7 {[%emt 0:00:20]} 6. e3 {[%emt 0:00:03]} Nbd7 {[%emt 0:09:13]} 7. Qc2 {[%emt 0:00:46]} c6 {[%emt 0:04:49]} 8. Bd3 {[%emt 0:00:26]} Nf8 {[%emt 0:04:36]} 9. Nf3 {[%emt 0:01:50]} Be6 {[%emt 0:00:39]} 10. Ne5 {[%emt 0:01:19]} h6 {[%emt 0:09:51]} 11. Bh4 {[%emt 0:00:28]} g5 {[%emt 0:01:59]} 12. Bg3 {[%emt 0:00:25]} Nh5 {[%emt 0:01:17]} 13. Be2 {[%emt 0:05:02]} Nxg3 {[%emt 0:01:42]} 14. hxg3 {[%emt 0:00:15]} Nd7 {[%emt 0:01:25]} 15. Ng4 {[%emt 0:07:36]} Bf8 {[%emt 0:13:40]} 16. O-O-O {[%emt 0:02:36]} Nf6 {[%emt 0:09:14]} 17. Ne5 {[%emt 0:01:47]} Qc8 {[%emt 0:06:06]} 18. Nf3 {[%emt 0:09:30]} Bf5 {[%emt 0:03:18]} 19. Bd3 {[%emt 0:00:22]} Bxd3 {[%emt 0:00:54]} 20. Qxd3 {[%emt 0:00:25]} Bg7 {[%emt 0:00:51]} 21. Kb1 {[%emt 0:05:09]} Qe6 {[%emt 0:01:43]} 22. Ne5 {[%emt 0:04:26]} O-O-O {[%emt 0:03:54]} 23. f3 {[%emt 0:02:42]} Nd7 {[%emt 0:02:48]} 24. Ng4 {[%emt 0:03:21]} f5 {[%emt 0:00:53]} 25. Nf2 {[%emt 0:00:04]} Rhe8 {[%emt 0:00:11]} 26. Rhe1 {[%emt 0:00:33]} Nb6 {[%emt 0:02:04]} 27. g4 {[%emt 0:01:10]} fxg4 {[%emt 0:04:08]} 28. Nxg4 {[%emt 0:01:09]} h5 {[%emt 0:00:05]} 29. Nf2 {[%emt 0:00:10]} Qf7 {[%emt 0:00:12]} 30. Re2 {[%emt 0:03:39]} Kb8 {[%emt 0:01:18]} 31. Rde1 {[%emt 0:00:53]} Re7 {[%emt 0:03:54]} 32. Ka1 {[%emt 0:02:00]} Red7 {[%emt 0:00:20]} 1/2-1/2

[Event "Israeli Open Championship 2019"]
[Site "Jerusalem"]
[Date "2019.12.19"]
[Round "7.15"]
[White "Sobel, Alon"]
[Black "Sokolovsky, Yahli"]
[Result "0-1"]
[WhiteElo "1804"]
[BlackElo "2045"]
[Annotator "NA RC"]
[PlyCount "70"]
[EventDate "2019.12.12"]
[EventType "swiss"]
[EventCountry "ISR"]
[SourceTitle "playchess.com"]
[Source "ChessBase"]
[SourceQuality "1"]
[TimeControl "5400+30"]

1. d4 {[%emt 0:00:00]} Nf6 {[%emt 0:11:25]} 2. c4 {[%emt 0:00:00]} g6 {[%emt 0:00:04]} 3. Nc3 {[%emt 0:00:00]} Bg7 {[%emt 0:00:06]} 4. e4 {[%emt 0:00:00]} d6 {[%emt 0:00:04]} 5. f4 {[%emt 0:00:00]} O-O {[%emt 0:00:07]} 6. Nf3 {[%emt 0:00:00]} c5 {[%emt 0:00:16]} 7. d5 {[%emt 0:00:03]} e6 {[%emt 0:00:05]} 8. Be2 {[%emt 0:00:05]} exd5 {[%emt 0:00:05]} 9. cxd5 {[%emt 0:00:07]} Nbd7 {[%emt 0:00:34]} 10. O-O {[%emt 0:00:11]} Re8 {[%emt 0:00:17]} 11. Nd2 {[%emt 0:00:13]} c4 {[%emt 0:00:26]} 12. Bxc4 {[%emt 0:04:41] A69: Modern Benoni: Four Pawns Attack with 9...Re8} (12. e5 dxe5 13. Nxc4 Nb6 14. Nxe5 Nbxd5 15. Qb3 Be6 16. Nxd5 Bxd5 17. Bc4 Bxc4 18. Qxc4 Qd5 19. Qb3 Rad8 20. Be3 a6 {0-1 (35) El Gindy,E (2453)-Amin,B (2667) Livingstone 2018}) 12... Nc5 {[%emt 0:00:38]} 13. Re1 {[%emt 0:00:49]} Qb6 {[%emt 0:12:51]} 14. Kh1 $146 {[%emt 0:03:17] [#]} ({Predecessor:} 14. h3 Nd3+ 15. Kh2 Nxe1 16. Qxe1 Bd7 17. Nf3 Nxe4 18. Nxe4 f5 19. Be3 Qc7 {0-1 (36) Sarki,J-Ferreira,A (2221) Dos Hermanas 2003}) 14... Ng4 $1 {[%emt 0:00:34]} 15. Qf3 {[%emt 0:00:11] [#]} Nd3 $1 {[%emt 0:11:32]} 16. Bxd3 {[%emt 0:03:26]} Nf2+ {[%emt 0:00:25]} 17. Kg1 {[%emt 0:00:06]} Nxd3+ {[%emt 0:01:43]} 18. Kf1 {[%emt 0:06:33]} Nxe1 {[%emt 0:01:42]} 19. Kxe1 {[%emt 0:00:13]} Qg1+ {[%emt 0:08:34]} 20. Nf1 {[%emt 0:00:31]} Bf5 {[%emt 0:06:35]} 21. e5 {[%emt 0:09:07]} dxe5 {[%emt 0:00:51]} 22. Be3 {[%emt 0:01:20]} exf4 {[%emt 0:00:35]} 23. Ne2 {[%emt 0:00:52]} Rxe3 {[%emt 0:00:39]} 24. Qxe3 {[%emt 0:01:27]} Qxe3 {[%emt 0:00:12]} 25. Nxe3 {[%emt 0:00:21]} fxe3 {[%emt 0:00:15]} 26. Nc3 {[%emt 0:00:46]} Rd8 {[%emt 0:01:02]} 27. Rd1 {[%emt 0:00:35]} Bc2 {[%emt 0:00:38]} 28. Rc1 {[%emt 0:00:07]} Bd3 {[%emt 0:00:21]} 29. Nd1 {[%emt 0:01:20]} Bd4 {[%emt 0:00:43]} 30. Rc7 {[%emt 0:01:26]} Rxd5 {[%emt 0:00:18]} 31. Rxb7 {[%emt 0:00:49]} e2 {[%emt 0:00:19]} 32. Nc3 {[%emt 0:00:15]} Bxc3+ {[%emt 0:00:15] Decoy} 33. bxc3 {[%emt 0:00:12]} Rf5 {[%emt 0:00:19]} 34. Re7 {[%emt 0:00:35]} Rf1+ {[%emt 0:00:07]} 35. Kd2 {[%emt 0:00:14]} Rd1+ {[%emt 0:00:07]} 0-1

[Event "Israeli Open Championship 2019"]
[Site "Jerusalem"]
[Date "2019.12.19"]
[Round "7.16"]
[White "Nissim, Yonatan"]
[Black "Gunders, Elad"]
[Result "1-0"]
[WhiteElo "2040"]
[BlackElo "1803"]
[Annotator "NA"]
[PlyCount "67"]
[EventDate "2019.12.12"]
[EventType "swiss"]
[EventCountry "ISR"]
[SourceTitle "playchess.com"]
[Source "ChessBase"]
[SourceQuality "1"]
[TimeControl "5400+30"]

1. d4 {[%emt 0:00:00]} d5 {[%emt 0:00:00]} 2. c4 {[%emt 0:00:00]} e6 {[%emt 0:00:00]} 3. Nc3 {[%emt 0:00:00]} Nf6 {[%emt 0:00:00]} 4. cxd5 {[%emt 0:00:00]} exd5 {[%emt 0:00:00]} 5. Bg5 {[%emt 0:00:07]} Nbd7 {[%emt 0:02:26]} 6. e3 {[%emt 0:00:22]} Be7 {[%emt 0:00:26]} 7. Bd3 {[%emt 0:00:07]} O-O {[%emt 0:00:38]} 8. Qc2 {[%emt 0:00:08]} c6 {[%emt 0:01:05]} 9. Nf3 {[%emt 0:00:19]} Re8 {[%emt 0:00:52]} 10. O-O {[%emt 0:00:26]} Ne4 {[%emt 0:01:22]} 11. Bxe4 {[%emt 0:00:57]} dxe4 {[%emt 0:02:44]} 12. Nxe4 {[%emt 0:00:42]} Bxg5 {[%emt 0:02:59] D36: Queen's Gambit Declined: Exchange Variation: Main line (5 Bg5 c6 6 Qc2)} 13. Nexg5 {[%emt 0:02:17]} Nf6 {[%emt 0:03:59]} (13... Nf8 14. Ne4 Bf5 15. Nfd2 Bg6 16. Rfe1 Qe7 17. f3 Rad8 18. Qc3 Rd5 19. b4 Ne6 20. Nc5 f5 21. Nc4 Ng5 {1-0 (41) Kharlov,A (2639)-Petukhov,V (2497) Tomsk 2001}) 14. Ne5 {[%emt 0:01:18]} Be6 {[%emt 0:00:52]} 15. Nxe6 {[%emt 0:02:37]} Rxe6 {[%emt 0:00:02]} 16. Rad1 $146 {[%emt 0:02:00]} ({Predecessor:} 16. Rac1 Qd5 17. Qc4 Rd8 18. Qxd5 Rxd5 19. Rc2 h6 20. Rfc1 {½-½ (35) Mueller,S (1460)-Kluge,R (1499) Stennweiler 2014}) 16... Nd7 {[%emt 0:05:04]} 17. f4 {[%emt 0:07:44]} Nxe5 {[%emt 0:04:29]} 18. fxe5 {[%emt 0:01:05]} Qe7 {[%emt 1:12:02]} 19. Qf5 {[%emt 0:07:24]} f6 {[%emt 0:00:00]} 20. exf6 {[%emt 0:04:38]} Rxf6 {[%emt 0:00:00]} 21. Qd3 {[%emt 0:00:58]} Raf8 {[%emt 0:00:00]} 22. Rxf6 {[%emt 0:03:33]} Qxf6 {[%emt 0:00:00]} 23. Rd2 {[%emt 0:02:03]} Qh4 {[%emt 0:00:00]} 24. Re2 {[%emt 0:08:08]} Qf6 {[%emt 0:00:00]} 25. Qd1 {[%emt 0:00:51]} Qe7 {[%emt 0:00:00]} 26. e4 {[%emt 0:00:43]} c5 {[%emt 0:00:00]} 27. d5 {[%emt 0:01:59]} Qe5 {[%emt 0:00:00]} 28. Qd3 $16 {[%emt 0:06:00]} b6 {[%emt 0:00:00]} 29. d6 {[%emt 0:05:10]} Rd8 {[%emt 0:00:00]} 30. Rd2 {[%emt 0:01:33]} Kf7 {[%emt 0:00:00]} 31. Qc4+ {[%emt 0:03:33]} Ke8 {[%emt 0:00:00]} 32. Qg8+ {[%emt 0:01:46]} Kd7 {[%emt 0:00:00]} 33. Qf7+ {[%emt 0:00:06]} Kc8 {[%emt 0:00:00]} 34. Qc7# {[%emt 0:38:26]} 1-0

[Event "Israeli Open Championship 2019"]
[Site "Jerusalem"]
[Date "2019.12.19"]
[Round "7.17"]
[White "Elsner, Yair"]
[Black "Kuritz, Zvi"]
[Result "0-1"]
[WhiteElo "1585"]
[BlackElo "1907"]
[Annotator "NA"]
[PlyCount "50"]
[EventDate "2019.12.12"]
[EventType "swiss"]
[EventCountry "ISR"]
[SourceTitle "playchess.com"]
[Source "ChessBase"]
[SourceQuality "1"]
[TimeControl "5400+30"]

1. Nf3 {[%emt 0:00:00]} Nf6 {[%emt 0:00:00]} 2. c4 {[%emt 0:00:00]} b6 {[%emt 0:00:41]} 3. g3 {[%emt 0:00:00]} Bb7 {[%emt 0:03:13]} 4. Bg2 {[%emt 0:00:10]} e6 {[%emt 0:00:17]} 5. O-O {[%emt 0:00:14]} Be7 {[%emt 0:00:16]} 6. d4 {[%emt 0:00:14]} O-O {[%emt 0:00:21]} 7. Re1 {[%emt 0:00:11]} c5 {[%emt 0:03:22]} 8. d5 {[%emt 0:02:38] E17: Queen's Indian: 4 g3 Bb7 5 Bg2 Be7} exd5 {[%emt 0:03:26]} 9. Nh4 {[%emt 0:00:18]} b5 {[%emt 0:07:09]} (9... Ne4 10. cxd5 Bxh4 11. Bxe4 Bf6 12. Nc3 d6 13. Bg2 Re8 14. Bf4 Na6 15. Ne4 Be7 {½-½ (49) Nakamura,H (2749)-Iturrizaga Bonelli,E (2637) chess.com INT 2019}) 10. cxd5 {[%emt 0:00:54]} d6 {[%emt 0:00:12]} 11. Nf5 $146 {[%emt 0:07:08]} ({Predecessor:} 11. e4 Re8 12. Nf5 Bf8 13. Bf4 Bc8 14. a4 b4 15. Nd2 Bxf5 16. exf5 Rxe1+ 17. Qxe1 {1-0 (39) Bellmann,H (2166)-Firsching,G (2017) Germany 1998}) 11... Nbd7 {[%emt 0:03:26]} 12. Bf4 {[%emt 0:03:10]} Nb6 {[%emt 0:01:28]} 13. e4 {[%emt 0:01:45]} Qd7 {[%emt 0:02:57]} 14. Nxe7+ {[%emt 0:20:05]} Qxe7 {[%emt 0:01:56]} 15. Nc3 {[%emt 0:03:56]} Qd7 {[%emt 0:03:52]} 16. Bxd6 {[%emt 0:09:13]} Qxd6 {[%emt 0:00:52]} 17. e5 {[%emt 0:00:02]} Qd8 {[%emt 0:00:49]} 18. exf6 {[%emt 0:00:40]} Qxf6 {[%emt 0:02:18]} 19. Nxb5 {[%emt 0:00:35]} Qxb2 {[%emt 0:01:07]} 20. Nxa7 {[%emt 0:14:14]} Rxa7 {[%emt 0:00:43]} 21. Rb1 {[%emt 0:00:03]} Qf6 {[%emt 0:01:47]} 22. d6 $2 {[%emt 0:04:50]} (22. Qb3 Nd7 23. a4) 22... Bxg2 {[%emt 0:00:22]} 23. Rxb6 $19 {[%emt 0:00:36]} Rxa2 {[%emt 0:03:00]} 24. Re2 {[%emt 0:00:47]} Bf3 {[%emt 0:00:38]} 25. Qb3 {[%emt 0:00:20]} Ra1+ {[%emt 0:00:21]} 0-1